[Event "USA-ch U18"]
[Site "Catonsville"]
[Date "2000.07.15"]
[Round "8"]
[White "Kolinko, Paul"]
[Black "Winer, Steven"]
[Result "0-1"]
[WhiteElo "2407"]
[BlackElo "2308"]
[PlyCount "126"]
[EventDate "2000.07.07"]
[EventType "tourn"]
[EventRounds "9"]
[EventCountry "USA"]
[EventCategory "4"]
[SourceTitle "CBM 077 Extra"]
[Source "ChessBase"]
[SourceDate "2000.09.14"]
[SourceVersion "1"]
[SourceVersionDate "2000.09.14"]
[SourceQuality "1"]

1. d4 Nf6 2. Nf3 g6 3. c4 Bg7 4. Nc3 d5 5. cxd5 Nxd5 6. g3 c5 7. Bg2 Nc6 8. Nxd5 Qxd5 9. dxc5 Qxd1+ 10. Kxd1 Bf5 11. Nd2 0-0-0 12. h3 Nb4 13. a3 Nc2 14. Ra2 Nd4 15. Be4 Be6 16. Ra1 Nb3 17. Rb1 Nxc5 18. Bc2 Ba2 19. Ra1 Bd5 20. Rh2 h5 21. h4 Rd7 22. Ke1 Rhd8 23. f3 Bd4 24. e4 Be6 25. Re2 Bg7 26. Re3 Bxb2 27. Bxb2 Rxd2 28. Re2 R2d7 29. Rc1 b6 30. Ba4 Rc7 31. Bc2 Kb7 32. Re3 Rcd7 33. Be5 Bc4 34. Rc3 Bd3 35. Bb3 Bb5 36. Rxc5 bxc5 37. Rxc5 Kb6 38. Rc1 e6 39. a4 Ba6 40. Bf6 Rc8 41. Rb1 Kc6 42. Rc1+ Kb7 43. Rb1 Ka8 44. Bd1 Bd3 45. Rb2 Rc1 46. Be5 Bb5 47. Rxb5 Rdxd1+ 48. Ke2 Rb1 49. Ra5 Kb7 50. Bf6 Rh1 51. Bd4 a6 52. Rc5 Rhc1 53. Bc3 Rc2+ 54. Kd3 Rbc1 55. a5 Rf2 56. Ke3 Rfc2 57. Kd3 Rg2 58. Rg5 Rf2 59. Ke3 Rcf1 60. f4 Rf3+ 61. Ke2 R1f2+ 62. Ke1 Rg2 63. Bd4 Rb3 0-1

[Event "USA-ch U18"]
[Site "Catonsville"]
[Date "2000.07.09"]
[Round "3"]
[White "Bhat, Vinay S"]
[Black "Kolinko, Paul"]
[Result "1/2-1/2"]
[WhiteElo "2398"]
[BlackElo "2407"]
[PlyCount "97"]
[EventDate "2000.07.07"]
[EventType "tourn"]
[EventRounds "9"]
[EventCountry "USA"]
[EventCategory "4"]
[SourceTitle "CBM 077 Extra"]
[Source "ChessBase"]
[SourceDate "2000.09.14"]
[SourceVersion "1"]
[SourceVersionDate "2000.09.14"]
[SourceQuality "1"]

1. e4 c5 2. Nc3 Nc6 3. g3 g6 4. Bg2 Bg7 5. d3 d6 6. f4 e6 7. Nf3 Nge7 8. Be3 0-0 9. 0-0 a6 10. Rb1 Qc7 11. Qd2 b5 12. a3 Bd7 13. Qf2 Rae8 14. h4 f5 15. h5 b4 16. axb4 cxb4 17. Ne2 gxh5 18. Nh2 fxe4 19. dxe4 Ne5 20. Qe1 Nc4 21. Bc1 Qc5+ 22. Rf2 e5 23. Kh1 d5 24. Bf3 dxe4 25. Bxh5 Ng6 26. b3 Na3 27. Bxa3 bxa3 28. b4 Qb6 29. f5 e3 30. Rf1 Bc6+ 31. Kg1 Be4 32. fxg6 hxg6 33. Bg4 Bh6 34. Qc3 Qb5 35. Qxa3 Rf2 36. Rxf2 exf2+ 37. Kxf2 Qb6+ 38. Ke1 Rf8 39. Bf3 Bxf3 40. Nxf3 e4 41. Qa5 Qxa5 42. bxa5 exf3 43. Nc3 Bg7 44. Rb3 Re8+ 45. Kf1 Bd4 46. Nd5 f2 47. Rb1 Re5 48. c3 Bc5 49. Nf6+ 1/2-1/2

[Event "IECC M email"]
[Site "IECC email"]
[Date "1998.05.09"]
[Round "?"]
[White "Gawehns, Klaus"]
[Black "Kolinko, Paul"]
[Result "1-0"]
[WhiteElo "2462"]
[BlackElo "2400"]
[PlyCount "71"]
[EventDate "1998.??.??"]
[EventType "tourn (corr)"]
[EventRounds "12"]
[SourceTitle "Corr 2008"]
[Source "ChessBase"]
[SourceDate "2008.06.24"]
[SourceVersion "1"]
[SourceVersionDate "2008.06.24"]
[SourceQuality "1"]

1. d4 Nf6 2. Nf3 g6 3. Bg5 Bg7 4. Nbd2 d5 5. e3 0-0 6. Be2 c5 7. c3 Nc6 8. 0-0 Qb6 9. Qb3 Bf5 10. dxc5 Qxc5 11. Nd4 Bd7 12. Bxf6 Bxf6 13. Qxb7 Rfd8 14. N2b3 Qd6 15. Nb5 Qe5 16. Nc5 Rab8 17. Qxd7 Rxd7 18. Nxd7 Qf5 19. Nxb8 Nxb8 20. Rac1 Nc6 21. Rfd1 h5 22. Nd4 Nxd4 23. cxd4 g5 24. h3 g4 25. hxg4 hxg4 26. g3 Qe4 27. Rc7 e5 28. dxe5 Bxe5 29. Rc8+ Kg7 30. Re8 f6 31. Re7+ Kh6 32. Bf1 Qf3 33. Rd2 Qe4 34. Bd3 Qf3 35. Rh7+ Kg5 36. Rg7+ 1-0

[Event "IECG CM.1998.0.00045"]
[Site "IECG email"]
[Date "1998.??.??"]
[Round "?"]
[White "Desmoitier, Jean Bruno"]
[Black "Kolinko, Paul"]
[Result "1-0"]
[WhiteElo "2255"]
[BlackElo "2300"]
[PlyCount "59"]
[EventDate "1998.04.25"]
[EventType "tourn (corr)"]
[EventRounds "6"]
[SourceTitle "Corr 2008"]
[Source "ChessBase"]
[SourceDate "2008.06.24"]
[SourceVersion "1"]
[SourceVersionDate "2008.06.24"]
[SourceQuality "1"]

1. e4 c6 2. d4 d5 3. Nc3 dxe4 4. Nxe4 Bf5 5. Ng3 Bg6 6. h4 h6 7. Nf3 Nd7 8. h5 Bh7 9. Bd3 Bxd3 10. Qxd3 Ngf6 11. Bd2 e6 12. 0-0-0 Qc7 13. Qe2 0-0-0 14. Ne5 Nb6 15. Ba5 c5 16. Rh4 Bd6 17. dxc5 Bxe5 18. cxb6 axb6 19. Rc4 bxa5 20. Rxc7+ Bxc7 21. Rxd8+ Rxd8 22. Qf3 Rd4 23. Ne2 Rh4 24. Qa3 Rh1+ 25. Kd2 Ne4+ 26. Kd3 Nxf2+ 27. Ke3 Ng4+ 28. Kd2 Ne5 29. Qf8+ Kd7 30. Nf4 1-0

[Event "IECG CM.1998.0.00045"]
[Site "IECG email"]
[Date "1998.??.??"]
[Round "?"]
[White "Dos Santos, Marcos Antonio Melo"]
[Black "Kolinko, Paul"]
[Result "1-0"]
[WhiteElo "2212"]
[BlackElo "2300"]
[PlyCount "55"]
[EventDate "1998.04.25"]
[EventType "tourn (corr)"]
[EventRounds "6"]
[SourceTitle "Corr 2008"]
[Source "ChessBase"]
[SourceDate "2008.06.24"]
[SourceVersion "1"]
[SourceVersionDate "2008.06.24"]
[SourceQuality "1"]

1. e4 c5 2. Nf3 d6 3. Bb5+ Nd7 4. 0-0 Ngf6 5. d4 cxd4 6. Qxd4 a6 7. Bxd7+ Bxd7 8. Bg5 e6 9. Rd1 h6 10. Bxf6 gxf6 11. Nc3 Be7 12. Qe3 Qc7 13. a4 Rc8 14. a5 Qc5 15. Qd2 h5 16. Ra3 h4 17. h3 Rg8 18. Qh6 Qb4 19. Qh7 Rf8 20. Rb3 Qxa5 21. Rxb7 Bc6 22. Rb3 Qc5 23. Ra1 a5 24. Qxh4 f5 25. Qh5 Bf6 26. exf5 Rh8 27. Qg4 Ke7 28. fxe6 1-0